Para ti es el mundo (Record no. 122308)

MARC details
000 -LEADER
campo de control de longitud fija 00751nam a2200229 i 4500
001 - NÚMERO DE CONTROL
campo de control 122308
003 - IDENTIFICADOR DE NÚMERO DE CONTROL
campo de control ES-MaACL
005 - FECHA Y HORA DE LA ÚLTIMA TRANSACCIÓN
campo de control 20260315204633.0
007 - CAMPO FIJO DE DESCRIPCIÓN FÍSICA--INFORMACIÓN GENERAL
campo de control de longitud fija t|
008 - DATOS DE LONGITUD FIJA--INFORMACIÓN GENERAL
campo de control de longitud fija 070524s1929 sp ||||1| spa d
080 ## - NÚMERO DE LA CLASIFICACIÓN DECIMAL UNIVERSAL
Número de la Clasificación Decimal Universal 821.134.2-22"19"
100 1# - ENTRADA PRINCIPAL--NOMBRE DE PERSONA
Nombre de persona Arniches, Carlos.
9 (RLIN) 23094
245 10 - MENCIÓN DEL TÍTULO
Título Para ti es el mundo
Resto del título : farsa cómica en tres actos /
Mención de responsabilidad, etc. Carlos Arniches ; dibujos de Alonso.
260 ## - PUBLICACIÓN, DISTRIBUCIÓN, ETC.
Lugar de publicación, distribución, etc. Madrid :
Nombre del editor, distribuidor, etc. Editorial Estampa,
Fecha de publicación, distribución, etc. 1929.
300 ## - DESCRIPCIÓN FÍSICA
Extensión 78 p. :
Otras características físicas il. ;
Dimensiones 16 cm.
490 1# - MENCIÓN DE SERIE
Mención de serie Farsa ;
Designación de volumen o secuencia 117
500 ## - NOTA GENERAL
Nota general Estrenada en el teatro Lara de Madrid el día 17 de octubre de 1929.
700 0# - ENTRADA AGREGADA--NOMBRE PERSONAL
Nombre de persona Alonso
Títulos y otros términos asociados al nombre (ilustrador)
9 (RLIN) 20301
830 0# - PUNTO DE ACCESO ADICIONAL DE SERIE-TÍTULO UNIFORME
Título uniforme Farsa ;
Designación de volumen o secuencia 117
9 (RLIN) 186562
852 ## - LOCALIZACIÓN
Ubicación ES-MaACL
Número de control de estantería G-8823(4)
Sublocalización o colección R.142275
Holdings
Estatus retirado Estado de pérdida Estado de daño No para préstamo Biblioteca de origen Biblioteca actual Ubicación en estantería Fecha de adquisición Fuente de adquisición Total de préstamos Signatura topográfica completa Código de barras Visto por última vez Precio de reemplazo Tipo de ítem Koha
        Biblioteca del Ateneo de Madrid Biblioteca del Ateneo de Madrid Sala Pecera Planta 3 17/01/2008     G-8823(4) 1127452 23/02/2023 23/02/2023 Libro impreso